01013nam a22002777a 450000500170000001000110001702000100002803500110003803700160004904000120006508200130007710000350009024501600012526000320028527000110031730000210032850000200034950000310036965000230040065000310042370000280045470000290048294200220051199900190053395201830055220170124110039.0 a009422 c00.00 a009422 bCen Lib/Ret aDPLbEN a382bHAB aHaberler, Gottfried Von923248 aTheory of international trade :cby Gottfried Von Habeler translated by Alfred Stonier [and] Frederic Benham bwith its applications to commercial policy / aLondonbWilliam hodgec1950 bLondon a408p. c20cm(Hb) aIncludes index  aTranslated from the German aEconomics 9102004 aInternational trade 94053 aStonier, Alfred9102005 aBenham, Frederic 923250 2ddccENh382mHAB c128392d128392 04104070aLbLd2015-07-02eCen Lib/Retg0.00l0o382 HABp009422r2015-07-02 00:00:00t1v0.00w2015-07-02yENzWritten off on approval by DLB (By Circulation); dtd 15-06-2023